Refiguring the Ph.D. in English Studies. (Record no. 6124)

000 -LEADER
fixed length control field 00676nam a22001697a 4500
008 - FIXED-LENGTH DATA ELEMENTS--GENERAL INFORMATION
fixed length control field 150922b xxu||||| |||| 00| 0 eng d
020 ## - INTERNATIONAL STANDARD BOOK NUMBER
International Standard Book Number 9780814139776
050 ## - LIBRARY OF CONGRESS CALL NUMBER
Classification number PE 69 .A47.N67 1999
100 ## - MAIN ENTRY--PERSONAL NAME
Personal name Stephen, North M.
245 ## - TITLE STATEMENT
Title Refiguring the Ph.D. in English Studies.
Remainder of title Writing,Doctoral Education, and the Fusion-Based Curriculum.
Statement of responsibility, etc. North, Stephen M.
260 ## - PUBLICATION, DISTRIBUTION, ETC. (IMPRINT)
Place of publication, distribution, etc. USA
Name of publisher, distributor, etc. national Council of Teachers of E
Date of publication, distribution, etc. 1999
300 ## - PHYSICAL DESCRIPTION
Extent xix,319p;ill
Other physical details Includes Bibliographical references and index.
600 ## - SUBJECT ADDED ENTRY--PERSONAL NAME
Source of heading or term English philology-Study and teaching
700 ## - ADDED ENTRY--PERSONAL NAME
Personal name Chepaitis, Barbara A.
700 ## - ADDED ENTRY--PERSONAL NAME
Personal name Coogan, David
942 ## - ADDED ENTRY ELEMENTS (KOHA)
Source of classification or shelving scheme
Koha item type Hard Covered Materials
Classification part PE 69 .A47.N67 1999
Holdings
Withdrawn status Lost status Source of classification or shelving scheme Damaged status Not for loan Home library Current library Date acquired Source of acquisition Total Checkouts Full call number Barcode Date last seen Price effective from Koha item type
          MACHAKOS UNIVERSITY LIBRARY MACHAKOS UNIVERSITY LIBRARY 22/09/2015 Donation (B.F.A)   PE 69 .A47.N67 1999 12147 22/09/2015 22/09/2015 Hard Covered Materials
© Machakos University Library, Along The Highway, Machakos Wote Rd, Machakos, Kenya P.O. Box 136 - 90100 Machakos - Kenya

Tel: ( +254 ) 723 805829 OR Fax : 044-20353 OR Email: library@mksu.ac.ke